Normal view MARC view

Entry Nombre personal

Number of records used in: 10

001 - NÚMERO DE CONTROL

  • campo de control: 76314

003 - IDENTIFICADOR DE NÚMERO DE CONTROL

  • campo de control: SpMaBN

005 - FECHA Y HORA DE LA ÚLTIMA TRANSACCIÓN

  • campo de control: 20231207185849.0

008 - ELEMENTOS DE DATO DE LONGITUD-FIJA

  • campo de control de longitud fija: 901120nn aijnnaabn a aaa

016 ## - NÚMERO DE CONTROL DE UNA AGENCIA BIBLIOGRÁFICA NACIONAL

  • Número de control del registro: BNE19900103835

024 7# - IDENTIFICADOR DE OTROS ESTÁNDARES

  • Número estándar o código: http://viaf.org/viaf/2193653/
  • Fuente: viaf

024 7# - IDENTIFICADOR DE OTROS ESTÁNDARES

  • Número estándar o código: https://isni.org/isni/0000000115856678
  • Fuente: isni

024 7# - IDENTIFICADOR DE OTROS ESTÁNDARES

  • Número estándar o código: http://www.wikidata.org/entity/Q5885461
  • Fuente: wikidata

040 ## - FUENTE DE CATALOGACIÓN

  • Centro catalogador/agencia de origen: SpMaBN
  • Lengua de catalogación: spa
  • Centro/agencia transcriptor: SpMaBN
  • Normas de descripción: rdc
  • Convención/Normas de encabezamiento de materia/tesauro: embne

046 ## - FECHAS CON CODIFICACIÓN ESPECIAL

  • Fecha de nacimiento: 1914
  • Fecha de la muerte: 2002

100 1# - ENCABEZAMIENTO-NOMBRE DE PERSONA

  • Nombre de persona: Marañón, Gregorio,
  • Fechas asociadas al nombre: 1914-2002

370 ## - LUGAR ASOCIADO

  • Lugar de nacimiento: Madrid, España
  • Fuente del término: embne

370 ## - LUGAR ASOCIADO

  • Lugar de fallecimiento: Madrid, España
  • Fuente del término: embne

372 ## - CAMPO DE ACTIVIDAD

  • Campo de actividad: Ensayo
  • Campo de actividad: Literatura
  • Campo de actividad: Política
  • Campo de actividad: Periodismo
  • Fuente del término: embne

373 ## - GRUPO ASOCIADO

  • Grupo asociado: Consejo Nacional del Movimiento
  • Grupo asociado: Instituto de Cultura Hispánica
  • Grupo asociado: Colegio de Abogados de Madrid
  • Grupo asociado: Hermandad de Alféreces Provisionales
  • Fuente de información: Wikidata

373 ## - GRUPO ASOCIADO

  • Grupo asociado: Ateneo de Madrid
  • Fuente de información: Olmos, Víctor. Ágora de la libertad: historia del Ateneo de Madrid (2018-2019)

374 ## - OCUPACIÓN

  • Ocupación: Escritores
  • Fuente del término: embne

375 ## - GÉNERO/SEXO

  • Género: Masculino

377 ## - IDIOMA ASOCIADO

  • Código del idioma: spa
  • Término de lengua/lenguaje: Español

400 1# - TRAZADO DE VÉASE--NOMBRE DE PERSONA

  • Nombre de persona: Marañón Moya, Gregorio,
  • Fechas asociadas al nombre: 1914-2002

670 ## - FUENTE DE DATOS ENCONTRADOS

  • Cita de la fuente: Crisis y esperanza de las Naciones Unidas, 1962
  • Información encontrada: port. (Gregorio Marañón)

670 ## - FUENTE DE DATOS ENCONTRADOS

  • Cita de la fuente: Nueva York, ida y vuelta, 1961
  • Información encontrada: port. (Gregorio Marañón Moya)

670 ## - FUENTE DE DATOS ENCONTRADOS

  • Cita de la fuente: Dic. enc. Espasa
  • Información encontrada: (Marañón Moya, Gregorio; político; hijo de Gregorio Marañón y Posadillo; n. en Madrid en 1914)

670 ## - FUENTE DE DATOS ENCONTRADOS

  • Cita de la fuente: ABC
  • Información encontrada: (m. en Madrid el 21 de marzo de 2002)

670 ## - FUENTE DE DATOS ENCONTRADOS

  • Cita de la fuente: Martínez Pujalte, Manuel Adolfo. Diplomacia y literatura en España, 1986
  • Información encontrada: (Marañon Moya, Gregorio; escritor)

678 ## - DATOS BIOGRÁFICOS O HISTÓRICOS

  • Datos biográficos o históricos: Socio del Ateneo de Madrid. Vocal del Ateneo en 1963-74 y 1974-80
  • Ampliación de la nota: Fuente: Olmos, Víctor. Ágora de la libertad: historia del Ateneo de Madrid (2018-2019)

856 4# - LOCALIZACIÓN Y ACCESO ELECTRÓNICOS

  • Identificador Uniforme de Recursos: https://dialnet.unirioja.es/servlet/autor?codigo=2653397